<?xml version="1.0" encoding="UTF-8"?>
<record
    xmlns:xsi="http://www.w3.org/2001/XMLSchema-instance"
    xsi:schemaLocation="http://www.loc.gov/MARC21/slim http://www.loc.gov/standards/marcxml/schema/MARC21slim.xsd"
    xmlns="http://www.loc.gov/MARC21/slim">

  <leader>02519nam a2200409 i 4500</leader>
  <controlfield tag="003">KOSZ 005</controlfield>
  <controlfield tag="005">20200616113403.0</controlfield>
  <controlfield tag="008">180716s2009    pl a|||f m||| 00| 0 pol d</controlfield>
  <datafield tag="035" ind1=" " ind2=" ">
    <subfield code="a">10599</subfield>
  </datafield>
  <datafield tag="040" ind1=" " ind2=" ">
    <subfield code="c">KOSZ 005</subfield>
    <subfield code="a">KOSZ 005</subfield>
    <subfield code="d">KOSZ 005/EG</subfield>
  </datafield>
  <datafield tag="041" ind1=" " ind2=" ">
    <subfield code="a">pol</subfield>
  </datafield>
  <datafield tag="080" ind1=" " ind2=" ">
    <subfield code="a">621.9</subfield>
  </datafield>
  <datafield tag="080" ind1=" " ind2=" ">
    <subfield code="a">666</subfield>
  </datafield>
  <datafield tag="084" ind1=" " ind2=" ">
    <subfield code="a">370000</subfield>
  </datafield>
  <datafield tag="100" ind1="1" ind2=" ">
    <subfield code="a">Krzos, Jan.</subfield>
    <subfield code="e">Autor</subfield>
  </datafield>
  <datafield tag="245" ind1="1" ind2="0">
    <subfield code="a">Wp&#x142;yw budowy strukturalnej spoiwa ceramicznego na w&#x142;a&#x15B;ciwo&#x15B;ci eksploatacyjne &#x15B;ciernic z mikrokrystalicznymi ziarnami regularnego azotku boru w procesie szlifowania wewn&#x119;trznych powierzchni walcowych :</subfield>
    <subfield code="b">rozprawa doktorska /</subfield>
    <subfield code="c">Jan Krzos ; Politechnika Koszali&#x144;ska. Wydzia&#x142; Mechaniczny.</subfield>
  </datafield>
  <datafield tag="260" ind1=" " ind2=" ">
    <subfield code="a">Koszalin :</subfield>
    <subfield code="b">[s.n.],</subfield>
    <subfield code="c">2009.</subfield>
  </datafield>
  <datafield tag="300" ind1=" " ind2=" ">
    <subfield code="a">277 strony :</subfield>
    <subfield code="b">ilustracje ;</subfield>
    <subfield code="c">30 cm +</subfield>
    <subfield code="e">2 recenzje ; za&#x142;&#x105;cznik.</subfield>
  </datafield>
  <datafield tag="336" ind1=" " ind2=" ">
    <subfield code="2">rdacontent</subfield>
    <subfield code="a">Tekst</subfield>
    <subfield code="b">txt</subfield>
  </datafield>
  <datafield tag="337" ind1=" " ind2=" ">
    <subfield code="2">rdamedia</subfield>
    <subfield code="a">Bez urz&#x105;dzenia po&#x15B;rednicz&#x105;cego</subfield>
    <subfield code="b">n</subfield>
  </datafield>
  <datafield tag="338" ind1=" " ind2=" ">
    <subfield code="2">rdacarrier</subfield>
    <subfield code="a">Wolumin</subfield>
    <subfield code="b">nc</subfield>
  </datafield>
  <datafield tag="502" ind1=" " ind2=" ">
    <subfield code="a">Rozprawa doktorska. Politechnika Koszali&#x144;ska. 2009.</subfield>
  </datafield>
  <datafield tag="504" ind1=" " ind2=" ">
    <subfield code="a">Bibliografia na stronach 268-277.</subfield>
  </datafield>
  <datafield tag="520" ind1=" " ind2=" ">
    <subfield code="a">G&#x142;&#xF3;wnym celem pracy jest okre&#x15B;lenie wp&#x142;ywu ilo&#x15B;ci fazy krystalicznej zawartej w spoiwie ceramicznym, na wybrane w&#x142;a&#x15B;ciwo&#x15B;ci eksploatacyjne &#x15B;ciernic zbudowanych z mikrokrystalicznych ziaren regularnego azotku boru. Na podstawie przeprowadzonych bada&#x144; obwodowego szlifowania wewn&#x119;trznych powierzchni walcowych okre&#x15B;lono kierunki dalszych bada&#x144;: - wyja&#x15B;nienie mechanizm&#xF3;w i zjawisk fizycznych i chemicznych zachodz&#x105;cych na granicy fazy spoiwo-ziarno &#x15B;cierne; -  ustalenie zwi&#x105;zk&#xF3;w pomi&#x119;dzy uzyskiwanymi warto&#x15B;ciami wska&#x17A;nik&#xF3;w procesu szlifowania, w zale&#x17C;no&#x15B;ci od ilo&#x15B;ci fazy krystalicznej w spoiwie ceramicznym, podczas procesu obr&#xF3;bki prowadzonego w wy&#x17C;szych zakresach pr&#x119;dko&#x15B;ci obwodowych &#x15B;ciernicy; -  nale&#x17C;y wykona&#x107; badania z u&#x17C;yciem szerszego spektrum zmian ilo&#x15B;ci fazy krystalicznej w spoiwie ceramicznym oraz w zakresie zmian wielko&#x15B;ci kryszta&#x142;k&#xF3;w spoiwa.</subfield>
  </datafield>
  <datafield tag="653" ind1=" " ind2=" ">
    <subfield code="a">Szlifowanie</subfield>
  </datafield>
  <datafield tag="653" ind1=" " ind2=" ">
    <subfield code="a">Spoiwo ceramiczne</subfield>
  </datafield>
  <datafield tag="653" ind1=" " ind2=" ">
    <subfield code="a">Narz&#x119;dzia &#x15B;cierne</subfield>
  </datafield>
  <datafield tag="653" ind1=" " ind2=" ">
    <subfield code="a">Azotek boru</subfield>
  </datafield>
  <datafield tag="658" ind1=" " ind2=" ">
    <subfield code="a">In&#x17C;ynieria i technika</subfield>
  </datafield>
  <datafield tag="655" ind1=" " ind2="4">
    <subfield code="a">Rozprawa doktorska</subfield>
  </datafield>
  <datafield tag="700" ind1="1" ind2=" ">
    <subfield code="a">Herman, Daniela.</subfield>
    <subfield code="e">Promotor</subfield>
  </datafield>
  <datafield tag="700" ind1="1" ind2=" ">
    <subfield code="a">Plichta, Jaros&#x142;aw.</subfield>
    <subfield code="e">Recenzja</subfield>
  </datafield>
  <datafield tag="700" ind1="1" ind2=" ">
    <subfield code="a">Ni&#x17C;ankowski, Czes&#x142;aw.</subfield>
    <subfield code="e">Recenzja</subfield>
  </datafield>
  <datafield tag="710" ind1="2" ind2=" ">
    <subfield code="a">Wydzia&#x142; Mechaniczny (Politechnika Koszali&#x144;ska)</subfield>
  </datafield>
  <datafield tag="942" ind1=" " ind2=" ">
    <subfield code="c">DOK</subfield>
    <subfield code="2">UKD</subfield>
  </datafield>
  <datafield tag="999" ind1=" " ind2=" ">
    <subfield code="c">10599</subfield>
    <subfield code="d">10599</subfield>
  </datafield>
  <datafield tag="952" ind1=" " ind2=" ">
    <subfield code="0">0</subfield>
    <subfield code="1">0</subfield>
    <subfield code="3">2 recenzje</subfield>
    <subfield code="4">0</subfield>
    <subfield code="7">1</subfield>
    <subfield code="a">BPK</subfield>
    <subfield code="b">BPK</subfield>
    <subfield code="c">i</subfield>
    <subfield code="o">RD 140</subfield>
    <subfield code="p">09040311</subfield>
    <subfield code="y">DOK</subfield>
  </datafield>
</record>
